Theodora - Une lettre, une chanson - Statistiques

Statistiques générales
  • Ce quiz a été pris 147 fois
  • Le résultat moyen est 10 sur 25
Statistiques - réponses
Lettres Chansons % Correct
Symbole #Il
88%
M Massoko Na Mabele / Un meilleur nous / Miss KITOKO / Mon bébé / Mon casque
75%
K Koby'z Piano / Kongolese sous BBL
73%
I Ici le temps est trop morose / Ils me rient tous au nez
72%
F Fashion Designa / FNG
71%
B Bad Boy Lacked / Bad Boy Lovestory / Besoin d'aide / Big Boss Lady / Blues d'hiver / Boss Babies / Boss Lady
69%
Z Zou Bisou
69%
P Papa <3 / Pay! / Le paradis se trouve dans le 93 (LPSTD93) / PETITE ABEBI / Prendre le large
68%
D Daddy Chocolat / Dans le paradis artificiel / Dis-moi je t'aime / Doutes en boucle / Do U Wanna ?
56%
O Les oiseaux rares
52%
G Go!
49%
S Spa / Sorry Sorry So
49%
Chiffres 243 km/h
48%
I I Wanna
37%
H Habiba
27%
E Entracte : Histoire d'amour, commérages et Chardonnay
26%
L Lolirock / Love me lagadou (<3 ?)
25%
R Rockstar
18%
C C'est normal / C trop la loose </3
17%
J J'ai retrouvé le sourire
14%
A Après l'orage..
13%
N Neptune
13%
Y ...Y'a deux fois plus d'oRAGE
10%
T Theodora / La Thune
5%
W Whine
1%
Aucun quiz correspondant
Distribution des résultats
% des personnes avec chaque résultat
Percentile par nombre de réponses
Votre historique - résultats
Vous n’avez pas pris ce quiz